000 00817nam a22002297a 4500
005 20170124110158.0
010 _aB-011530
020 _c00.00
_a0195653920
035 _aB-011530
037 _bCen Lib/Ret
040 _aDPL
_bEN
082 _a071.54
_bJEF
100 _aJeffrey, Robin
_935438
245 _aIndia's newspaper revolution :
_cby Robin Jeffrey
_bcapitalism, politics, and the Indian-language press, 1977-99 /
260 _aNew Delhi
_bOxford University Press
_c2000
270 _bNew Delhi
_e110001
_aYMCA Library Building, Jai Singh Road
300 _axxi,234p. :
_c22cm(Hb)
_bill.
500 _aIncludes index
650 _aIndic newspapers -- History -- 20th century
_935439
650 _aPress -- India -- History -- 20th century
_v
_935440
942 _2ddc
_cEN
_h071.54
_mJEF
999 _c132673
_d132673